Who's That With Donald Trump? Quiz Stats

Quiz Updated Sep 25, 2017

Challenge
Share
Tweet
Score 0/25 Timer 06:00
0 Plays Today
% Correct
Hillary Clinton
98.8%
Michael Jackson
93.5%
Barack Obama
93.2%
Snoop Dogg
90.2%
Mike Tyson
90.2%
George H. W. Bush
86.8%
Simon Cowell
83.3%
Sarah Palin
81.7%
Steven Tyler
79.1%
Kevin Bacon
78.7%
Mike Pence
78.1%
Melania Trump
78.1%
Shaquille O'Neal
76.8%
% Correct
Jimmy Kimmel
76%
Arnold Schwarzenegger
74.8%
Lionel Richie
70.8%
Ted Cruz
64.9%
Tom Brady
61.9%
Don King
59.1%
Ben Carson
56.2%
Sacha Baron Cohen
55%
John McEnroe
50.1%
Rudy Giuliani
48.3%
Scott Baio
40%
Michael 'The Situation' Sorrentino
30.6%

You're not logged in!

Compare scores with friends on all Sporcle quizzes.
Sign Up with Email
OR
Log In

You Might Also Like...

Show Comments

Extras

Top Quizzes Today


Score Distribution

Your Account Isn't Verified!

In order to create a playlist on Sporcle, you need to verify the email address you used during registration. Go to your Sporcle Settings to finish the process.